Pokémon that Start with P - Statistics

General Stats
  • This quiz has been taken 5,846 times
    2,804 since last reset
  • The average score is 42 of 65
Answer Stats
Gen Answer % Correct
I Pikachu
90%
II Pichu
85%
IV Piplup
82%
I Poliwag
82%
I Poliwhirl
82%
I Poliwrath
81%
I Pidgeot
80%
I Pidgeotto
80%
I Pidgey
80%
IV Prinplup
80%
V Pansear
77%
II Politoed
77%
V Panpour
76%
V Pansage
76%
I Paras
76%
I Parasect
76%
VI Pancham
75%
VII Popplio
75%
VI Pangoro
74%
I Porygon
74%
II Porygon2
73%
IV Porygon-Z
72%
IV Pachirisu
71%
I Persian
71%
IV Palkia
70%
VII Primarina
70%
I Pinsir
67%
I Primeape
67%
I Ponyta
65%
III Pelipper
63%
IX Pawmi
62%
II Phanpy
62%
V Pignite
62%
V Patrat
61%
IX Pawmo
61%
V Pidove
61%
IV Purugly
61%
VII Pyukumuku
61%
V Palpitoad
60%
IX Pawmot
60%
V Purrloin
60%
VII Passimian
59%
II Piloswine
57%
VIII Pincurchin
57%
II Pineco
57%
III Plusle
57%
VI Phantump
56%
VII Pikipek
54%
VII Poipole
54%
I Psyduck
54%
VI Pyroar
54%
VII Palossand
53%
VI Pumpkaboo
52%
IX Palafin
51%
VIII Perrserker
50%
IX Pecharunt
49%
IV Phione
49%
VII Pheromosa
48%
IV Probopass
48%
II Pupitar
48%
III Poochyena
47%
V Petilil
45%
V Pawniard
44%
VIII Polteageist
42%
IX Poltchageist
40%
No matching quizzes found
Score Distribution
Percent of People with Each Score
Percentile by Number Answered
Your Score History
You have not taken this quiz since the last reset